LEADER 00474nas a2200157 i 4500 001 000000236598 003 CaOOAMICUS 005 20141205000000.0 008 141205b it uu u0 0ita r 013 $a215502 040 $aSeMil$bita 245 10$aNuovo volume. 773 0 $tNatura.$dMilano : [s.n.] $w()2506 850 $aSeMil 852 $aSeMil$W1$xVenegono$y1$m166 1 1-50$j186944$B186944$CSeMilBibl$Z2$F197672 $82 996 $6245$aNuovo volume$9(OLS)http://semarc/title/337170 LEADER 00585nab a2200157 i 4500 001 000000274537 003 CaOOAMICUS 005 20110111000000.0 008 110111n xx uu u0 0und r 013 $a23137 040 $aSeMil$bita 245 10$aPhase 300 :$bÍndices núms. 1-300 (1961-2010). 500 $aNoviembre-Diciembre 2010. 650 4$aPhase - Indici - 1961-2010.$0(OLS)http://semarc/subject/43078 773 0 $t2010.$dBarcelona : Centre de Pastoral Litúrgica, 2010.$w()189210 996 $6245$aPhase 300 :$bÍndices núms. 1-300 (1961-2010).$9(OLS)http://semarc/title/361053